000 01128nam a22003257a 4500
003 CHAP
005 20220329135613.0
008 971013s1995 r 00010 d
010 _a39172
011 _a40144
035 _a44269
040 _cCHAP
090 _aTesis
100 0 0 _aCarrillo Marcial, Héctor.
_919509
245 _aCalidad física, culinaria y nutricia de cuatro variedades de frijol (Phaseolus vulgaris L.) sembradas en dos localidades
260 _aChapingo, Méx. :
_bEl autor,
_c1995
300 _a78 h.
502 _aTesis (Ing. Agroindustrial) -- UACH. Departamento de Ingeniería Agroindustrial
590 _aALEPH
_b10
_c20130110
_lUCH01
_h1306
590 _aBATCH-UPD
_b10
_c20130110
_lUCH01
_h1429
590 _aBATCH-UPD
_b10
_c20130410
_lUCH01
_h0907
590 _aBATCH-UPD
_b10
_c20130914
_lUCH01
_h1440
590 _aCONVERSION
_b10
_c20130109
_lUCH01
_h1322
650 1 4 _aFrijol
_xValor nutritivo.
_943445
650 1 4 _aFrijol
_xVariedades.
_943446
901 _aBK
942 _cFOLL
949 _bBC
_cTES
_d-101435
_eTS1
_h27664
_i44269
_si
949 _bBC
_cTES
_d-101436
_eTS2
_fc.2
_h27665
_i44269
_si
999 _c39172
_d39172